| 000 | 00353 a2200145 4500 | ||
|---|---|---|---|
| 020 | _a0-451-19115-3 | ||
| 040 |
_aDLC _bDLC |
||
| 082 | 0 | 4 | _a813.52 |
| 245 | 1 | 4 |
_aThe fountainhead _cRand, Ayn |
| 260 |
_aNew York : _bPenguin, _c1993 |
||
| 300 |
_a704 s. : _bill. |
||
| 650 | _aPhilosophical literature | ||
| 651 | _aArchitects | ||
| 942 |
_cBK _k813.52 RAN _2ddc |
||
| 999 |
_c10736 _d10736 |
||